[Event "Lliga Catalana DH"]
[Site "?"]
[Date "2018.02.24"]
[Round "6.9"]
[White "Martinez Talavera, Jordi"]
[Black "Delisau Gil, Oriol"]
[Result "0-1"]
[WhiteElo "2268"]
[BlackElo "2087"]
[PlyCount "90"]
[EventDate "2018.??.??"]
[WhiteTeam "SJO"]
[BlackTeam "SAN"]

1. d4 Nf6 2. Nf3 g6 3. Bf4 Bg7 4. e3 d6 5. h3 O-O 6. Be2 c5 7. c3 Nc6 8. Nbd2
cxd4 9. exd4 e5 10. dxe5 dxe5 11. Be3 Nd5 12. Bc5 Re8 13. Ne4 Nf4 14. Nd6 Nxg2+
15. Kf1 Nf4 16. Nxe8 Qxe8 17. Ng1 Bf5 18. Be3 Rd8 19. Qa4 Nxe2 20. Nxe2 Bd3 21.
Rd1 Bxe2+ 22. Kxe2 Nd4+ 23. Rxd4 exd4 24. Qxe8+ Rxe8 25. cxd4 Bxd4 26. b3 Bxe3
27. fxe3 Rc8 28. Kd3 f6 29. Rf1 Kf7 30. Rf4 Rc5 31. b4 Rd5+ 32. Kc4 Rh5 33. h4
Ke6 34. a4 Re5 35. Kd4 f5 36. a5 a6 37. h5 g5 38. Rf3 h6 39. Rh3 Kd6 40. Rf3
Re4+ 41. Kc3 Ke5 42. Rh3 Rh4 43. Rf3 Rxh5 44. Kc4 g4 45. Rf1 g3 0-1

[Event "Lliga Catalana DH"]
[Site "?"]
[Date "2018.02.24"]
[Round "6.10"]
[White "Pueyo Burrell, David"]
[Black "Lorente Muñoz, Raul"]
[Result "1/2-1/2"]
[WhiteElo "2219"]
[BlackElo "2038"]
[PlyCount "62"]
[EventDate "2018.??.??"]
[WhiteTeam "SAN"]
[BlackTeam "SJO"]

1. e4 c6 2. Nc3 d5 3. Nf3 Bg4 4. h3 Bh5 5. exd5 cxd5 6. Bb5+ Nc6 7. g4 Bg6 8.
Ne5 Rc8 9. d4 e6 10. Qe2 Bd6 11. Nxg6 hxg6 12. Nxd5 Bb8 13. c4 Kf8 14. Bxc6
bxc6 15. Nc3 Qxd4 16. Be3 Qe5 17. O-O-O g5 18. Rd7 Nf6 19. Rb7 Qa5 20. Rd1 Rxh3
21. Qd3 Bf4 22. Ne4 Bxe3+ 23. fxe3 Qxa2 24. Nxf6 gxf6 25. Qd7 Qxc4+ 26. Kb1
Qe4+ 27. Rd3 Rh1+ 28. Ka2 Qa4+ 29. Ra3 Qc4+ 30. Rab3 Qa4+ 31. Ra3 Qc4+ 1/2-1/2

[Event "Lliga Catalana DH"]
[Site "?"]
[Date "2018.02.24"]
[Round "6.1"]
[White "Jerez Perez, Alfonso"]
[Black "Gonzalez Rodriguez, Jorge"]
[Result "1/2-1/2"]
[WhiteElo "2456"]
[BlackElo "2381"]
[PlyCount "97"]
[EventDate "2018.??.??"]
[WhiteTeam "FOM"]
[BlackTeam "FIG"]

1. e4 e6 2. d4 d5 3. Nd2 Nf6 4. e5 Ng8 5. Ngf3 c5 6. c3 Nc6 7. Bd3 cxd4 8. cxd4
Qb6 9. Nb3 a5 10. a4 Bd7 11. O-O Nb4 12. Be3 Nxd3 13. Qxd3 Bb4 14. Rfc1 Ne7 15.
Nc5 h6 16. Bd2 Nc6 17. Qb5 Bxc5 18. Rxc5 Qa7 19. Qb3 Nxd4 20. Qa3 Nxf3+ 21.
gxf3 O-O 22. Rxa5 Qd4 23. Qb4 Qd3 24. Qxb7 Rxa5 25. Bxa5 Bxa4 26. Qb4 Bd1 27.
Qc3 Qxf3 28. Qxf3 Bxf3 29. Bc3 Kh7 30. h3 Kg6 31. Kh2 Kf5 32. Kg3 Be2 33. Ra7
Bh5 34. h4 Rc8 35. Ra4 g5 36. hxg5 hxg5 37. f3 Bg6 38. Rg4 Bh5 39. Ra4 Rd8 40.
Bd4 Rb8 41. Bc3 Rb7 42. Kf2 f6 43. exf6 e5 44. Ra5 Bf7 45. b4 Kxf6 46. Rc5 Be6
47. b5 d4 48. Ba5 Bf5 49. Bc7 1/2-1/2

[Event "Lliga Catalana DH"]
[Site "?"]
[Date "2018.02.24"]
[Round "6.2"]
[White "Touzane, Olivier"]
[Black "Granados Gomez, Manel"]
[Result "1-0"]
[WhiteElo "2283"]
[BlackElo "2446"]
[PlyCount "47"]
[EventDate "2018.??.??"]
[WhiteTeam "FIG"]
[BlackTeam "FOM"]

1. d4 d5 2. Nf3 Nf6 3. Bf4 c5 4. c3 cxd4 5. cxd4 Nc6 6. Nc3 Ne4 7. e3 Nxc3 8.
bxc3 g6 9. Be2 Bg7 10. O-O O-O 11. Qa4 a6 12. c4 dxc4 13. Qxc4 Bf5 14. Rac1 Rc8
15. Qa4 Qa5 16. Qb3 Qb4 17. d5 Qxb3 18. axb3 Nb4 19. d6 Nd3 20. Bxd3 Bxd3 21.
dxe7 Rfe8 22. Rxc8 Rxc8 23. Rd1 Bf6 24. e8=Q+ 1-0

[Event "Lliga Catalana DH"]
[Site "?"]
[Date "2018.02.24"]
[Round "6.3"]
[White "Almeida Toledano, Daniel"]
[Black "Serra Pages, Jordi"]
[Result "1/2-1/2"]
[WhiteElo "2364"]
[BlackElo "2338"]
[PlyCount "39"]
[EventDate "2018.??.??"]
[WhiteTeam "FOM"]
[BlackTeam "FIG"]

1. e4 e5 2. Nf3 Nc6 3. Bb5 a6 4. Ba4 Nf6 5. d3 Bc5 6. O-O b5 7. Bb3 d6 8. c3
O-O 9. Bg5 Be6 10. Bd5 Bxd5 11. exd5 Nb8 12. Nbd2 Nbd7 13. Ne4 h6 14. Bxf6 Nxf6
15. Nxc5 dxc5 16. c4 Re8 17. Re1 bxc4 18. dxc4 e4 19. Nd2 c6 20. dxc6 1/2-1/2

[Event "Lliga Catalana DH"]
[Site "?"]
[Date "2018.02.24"]
[Round "6.4"]
[White "Vives Esmerat, Jordi"]
[Black "Mestre Bellido, Hector"]
[Result "1/2-1/2"]
[WhiteElo "2366"]
[BlackElo "2353"]
[PlyCount "132"]
[EventDate "2018.??.??"]
[WhiteTeam "FIG"]
[BlackTeam "FOM"]

1. e4 e5 2. Nf3 d6 3. d4 Nf6 4. dxe5 Nxe4 5. Bc4 c6 6. exd6 Bxd6 7. O-O O-O 8.
Re1 Bg4 9. h3 Bh5 10. Qe2 Bg6 11. Be3 Nd7 12. Nbd2 Nec5 13. Nb3 b5 14. Rad1 Qc7
15. Nxc5 Nxc5 16. Bxc5 Bxc5 17. Bd3 Bxd3 18. Rxd3 Rad8 19. Red1 Rfe8 20. Rxd8
Rxd8 21. Rxd8+ Qxd8 22. Ne5 Qe7 23. Kf1 Qe6 24. Nd3 Qxe2+ 25. Kxe2 Bd6 26. Ke3
f6 27. Ke4 Kf7 28. f4 Ke6 29. f5+ Kd7 30. Kd4 Kc7 31. c4 bxc4 32. Kxc4 Kb6 33.
b4 a5 34. a3 axb4 35. axb4 Kc7 36. g4 Kb6 37. Nf2 Kc7 38. Ne4 Kd7 39. h4 h6 40.
h5 Kc7 41. Nd2 Kb6 42. Nb3 Kc7 43. Nd4 Be7 44. b5 cxb5+ 45. Nxb5+ Kd7 46. Kd5
Bf8 47. Nd4 Ke7 48. Kc6 Kf7 49. Kd7 Bc5 50. Nc6 Bb6 51. Nb4 Bc5 52. Nd3 Be3 53.
Nb2 Bd4 54. Nc4 Bc5 55. Na5 Bb4 56. Nc6 Ba3 57. Nd8+ Kf8 58. Ke6 Bc5 59. Nf7
Ke8 60. Nh8 Bb4 61. Ng6 Bc5 62. Nf4 Bb4 63. Nd5 Ba3 64. Nc7+ Kf8 65. Kd7 Kf7
66. Ne8 Bb4 1/2-1/2

[Event "Lliga Catalana DH"]
[Site "?"]
[Date "2018.02.24"]
[Round "6.5"]
[White "Torrecillas Martinez, Antonio"]
[Black "Ibanez Tarradellas, Eduard"]
[Result "1/2-1/2"]
[WhiteElo "2384"]
[BlackElo "2319"]
[PlyCount "28"]
[EventDate "2018.??.??"]
[WhiteTeam "FOM"]
[BlackTeam "FIG"]

1. e4 d5 2. exd5 Qxd5 3. Nc3 Qa5 4. Bc4 Nf6 5. d3 c6 6. Bd2 Qc7 7. Qe2 b5 8.
Bb3 Nbd7 9. d4 Nb6 10. Nf3 e6 11. a4 b4 12. Ne4 a5 13. Nxf6+ gxf6 14. Qe4 Bb7
1/2-1/2

[Event "Lliga Catalana DH"]
[Site "?"]
[Date "2018.02.24"]
[Round "6.6"]
[White "Banos, Oscar Francisco"]
[Black "Arias Boo, Guillermo"]
[Result "1/2-1/2"]
[WhiteElo "2307"]
[BlackElo "2359"]
[PlyCount "152"]
[EventDate "2018.??.??"]
[WhiteTeam "FIG"]
[BlackTeam "FOM"]

1. c4 Nf6 2. g3 g6 3. Bg2 Bg7 4. e4 d6 5. Ne2 O-O 6. O-O e5 7. d3 Nc6 8. Nbc3
Ne8 9. Rb1 Nd4 10. Nxd4 exd4 11. Ne2 c6 12. b4 Nc7 13. h3 Rb8 14. f4 f5 15.
exf5 Bxf5 16. g4 Be6 17. a4 Qh4 18. Bd2 Rbe8 19. Be1 Qe7 20. Ng3 Bc8 21. Rb2
Qd8 22. Re2 Re3 23. Bf2 Rxe2 24. Nxe2 c5 25. Qd2 b6 26. bxc5 dxc5 27. a5 Qd6
28. axb6 axb6 29. Bg3 Re8 30. Kh2 Re3 31. Rf3 Qe7 32. Rxe3 dxe3 33. Qc1 Na6 34.
Be4 Bd4 35. Nxd4 cxd4 36. Qa1 Qc5 37. f5 gxf5 38. gxf5 Nc7 39. Qf1 Ne8 40. Bd5+
Kf8 41. Qf4 Qe7 42. Qxd4 Qf6 43. Be5 Qxf5 44. Qxe3 Bd7 45. Bf4 Qf6 46. d4 Ng7
47. Be5 Qg6 48. Qf2+ Ke7 49. Qg2 Nf5 50. Qxg6 hxg6 51. c5 bxc5 52. dxc5 Ne3 53.
Bb7 Nc4 54. Bd4 Na5 55. Be4 Kf7 56. Kg3 Nc6 57. Bc3 Nd8 58. h4 Be8 59. Bd5+ Ke7
60. Kf4 Ne6+ 61. Ke5 Nd8 62. Be4 Nc6+ 63. Kd5 Kd7 64. Kc4 Ke6 65. Kb5 Ne7+ 66.
Ka6 Nd5 67. Bd4 Ne7 68. Kb6 Nf5 69. Bf2 Ke5 70. Bxf5 Kxf5 71. Be3 Ke4 72. Bg5
Kd5 73. Be7 Ba4 74. Kc7 Bb5 75. Bd6 Ba4 76. Kd8 Kc6 1/2-1/2

[Event "Lliga Catalana DH"]
[Site "?"]
[Date "2018.02.24"]
[Round "6.7"]
[White "Estrella Vidiella, Jordi"]
[Black "Pinsach Gelabert, Alexandre"]
[Result "0-1"]
[WhiteElo "2348"]
[BlackElo "2271"]
[PlyCount "167"]
[EventDate "2018.??.??"]
[WhiteTeam "FOM"]
[BlackTeam "FIG"]

1. e4 c5 2. Nf3 d6 3. d4 cxd4 4. c3 d3 5. Bxd3 Nf6 6. c4 Nc6 7. h3 g6 8. Nc3
Bg7 9. O-O O-O 10. Be3 Nd7 11. Qd2 Nc5 12. Bc2 Be6 13. b3 Qa5 14. Nd4 f5 15.
exf5 Bxf5 16. Bxf5 gxf5 17. Nxc6 bxc6 18. Rac1 Bxc3 19. Qxc3 Qxc3 20. Rxc3 Ne4
21. Rd3 f4 22. Bc1 Rad8 23. Ba3 Ng5 24. Re1 Rd7 25. Bc1 Rf5 26. g3 Nxh3+ 27.
Kg2 Ng5 28. Bxf4 Nf7 29. Re6 Nd8 30. Rh6 Nf7 31. Re6 Nd8 32. Rh6 Nf7 33. Rh1 e5
34. Be3 d5 35. Rh4 d4 36. Bc1 c5 37. Rd1 Nd6 38. g4 Rf6 39. Rh6 Rxh6 40. Bxh6
Kf7 41. f3 e4 42. fxe4 Nxe4 43. Bf4 Nc3 44. Rh1 Ke8 45. Bd2 Nxa2 46. Rh5 Nc3
47. Rxc5 Nb1 48. Re5+ Kf7 49. Ba5 d3 50. Re1 d2 51. Rd1 Rd3 52. c5 Rxb3 53. c6
Ke6 54. Kf2 Nc3 55. Bxc3 Rxc3 56. Rxd2 Rxc6 57. Ra2 a6 58. Ra5 Kd7 59. Ke3 Rd6
60. Ke4 Kc7 61. Ke5 Rg6 62. Kf5 Kb6 63. Ra1 Rc6 64. g5 a5 65. Rb1+ Ka6 66. Rb8
Rc7 67. Ke4 Rg7 68. Rh8 Rd7 69. Ra8+ Kb5 70. Rb8+ Kc4 71. Ra8 Re7+ 72. Kf5 Kb4
73. Kf6 Rb7 74. Ke5 a4 75. Rf8 a3 76. Rf4+ Kb3 77. Rf3+ Ka4 78. Rf4+ Rb4 79.
Rf7 Rh4 80. Ra7+ Kb3 81. Kf6 a2 82. Rb7+ Rb4 83. Ra7 Ra4 84. Rb7+ 0-1

[Event "Lliga Catalana DH"]
[Site "?"]
[Date "2018.02.24"]
[Round "6.8"]
[White "Colls Gelaberto, Emili"]
[Black "Garrido Fernandez, Daniel"]
[Result "0-1"]
[WhiteElo "2271"]
[BlackElo "2304"]
[PlyCount "192"]
[EventDate "2018.??.??"]
[WhiteTeam "FIG"]
[BlackTeam "FOM"]

1. Nf3 c5 2. c4 Nc6 3. d4 cxd4 4. Nxd4 g6 5. e4 Bg7 6. Be3 Nf6 7. Nc3 O-O 8.
Be2 d6 9. O-O Bd7 10. Rc1 Nxd4 11. Bxd4 Bc6 12. f3 a5 13. b3 Nd7 14. Be3 Nc5
15. Qd2 Qb6 16. Nd5 Bxd5 17. exd5 Qb4 18. Rfe1 Qxd2 19. Bxd2 Bd4+ 20. Kh1 e5
21. dxe6 fxe6 22. Red1 e5 23. Bh6 Rf7 24. Bd3 Nxd3 25. Rxd3 Rc8 26. Rcd1 Rf6
27. h4 b6 28. Bg5 Re6 29. Be3 Bxe3 30. Rxe3 Kf7 31. Rd5 Rc5 32. Kg1 Ke7 33. Kf2
Kd7 34. Red3 Rf6 35. Ke3 Kc6 36. g3 Kc7 37. Ke4 Kc6 38. Rd2 Kc7 39. Rh2 h5 40.
Rc2 Kd7 41. a3 Rc8 42. Rc3 Rcf8 43. b4 axb4 44. axb4 Ra8 45. c5 bxc5 46. bxc5
Ra4+ 47. Ke3 Kc6 48. Rxd6+ Rxd6 49. cxd6+ Kxd6 50. Rd3+ Ke6 51. Rb3 Kf5 52. Rc3
Ra2 53. Rc8 Rg2 54. Rf8+ Ke6 55. Re8+ Kf6 56. Ke4 Rxg3 57. Rf8+ Kg7 58. Re8 Rh3
59. Rxe5 Rxh4+ 60. Ke3 Rh2 61. Kf4 Rg2 62. Rg5 Ra2 63. Kg3 Ra6 64. Rb5 Kf6 65.
Rb8 Ke5 66. Re8+ Kf5 67. Rb8 Re6 68. Rb5+ Re5 69. Rb8 h4+ 70. Kg2 Re2+ 71. Kh3
g5 72. Rf8+ Kg6 73. Rg8+ Kf6 74. Rf8+ Kg7 75. Rf5 Kg6 76. Rf8 Rf2 77. Rg8+ Kf5
78. Rf8+ Ke5 79. Rf7 Ke6 80. Rf8 Rf1 81. Kg2 Rc1 82. Kf2 Rc2+ 83. Ke3 h3 84.
Rh8 h2 85. Ke4 Re2+ 86. Kd3 Ra2 87. Ke3 Kf5 88. Rf8+ Kg6 89. Rh8 Rb2 90. Kd3
Kf5 91. Ke3 Ke5 92. Re8+ Kf6 93. Rh8 Kg7 94. Rh3 g4 95. Rh4 g3 96. Kf4 Rb4+ 0-1

[Event "Lliga Catalana DH"]
[Site "?"]
[Date "2018.02.24"]
[Round "6.9"]
[White "Llaneza Vega, Patricia"]
[Black "Parals Marce, Lluis"]
[Result "1-0"]
[WhiteElo "2298"]
[BlackElo "2213"]
[PlyCount "54"]
[EventDate "2018.??.??"]
[WhiteTeam "FOM"]
[BlackTeam "FIG"]

1. e4 g6 2. d4 Bg7 3. Nc3 d6 4. Be3 a6 5. h4 h6 6. Qd2 b5 7. O-O-O Nd7 8. Nh3
c6 9. h5 g5 10. f4 gxf4 11. Nxf4 Nb6 12. Qf2 Nf6 13. e5 Ng4 14. Qg3 Nxe3 15.
Qxg7 Kd7 16. Re1 Nxf1 17. exd6 Kxd6 18. Rhxf1 Qe8 19. Ne4+ Kc7 20. Qe5+ Kd8 21.
Nc5 Bd7 22. d5 Nc4 23. Qd4 cxd5 24. Nxd5 e5 25. Qh4+ Kc8 26. Nf6 Qe7 27. Ncxd7
Qb4 1-0

[Event "Lliga Catalana DH"]
[Site "?"]
[Date "2018.02.24"]
[Round "6.10"]
[White "Pau Plana, Albert"]
[Black "Chalmeta Ugas, Jordi"]
[Result "0-1"]
[WhiteElo "2165"]
[BlackElo "2293"]
[PlyCount "102"]
[EventDate "2018.??.??"]
[WhiteTeam "FIG"]
[BlackTeam "FOM"]

1. d4 Nf6 2. c4 g6 3. Nc3 d5 4. cxd5 Nxd5 5. e4 Nxc3 6. bxc3 Bg7 7. Nf3 c5 8.
Rb1 Qa5 9. Bb5+ Nc6 10. O-O O-O 11. Qa4 Qxa4 12. Bxa4 cxd4 13. cxd4 Nxd4 14.
Nxd4 Bxd4 15. Ba3 Be6 16. Bxe7 Rfc8 17. Rxb7 Bxa2 18. g3 Rc4 19. Rb4 Rac8 20.
Rxc4 Rxc4 21. Bb5 Rc7 22. Bd6 Rc2 23. Ba3 Kg7 24. Kg2 Kf6 25. Bd6 Ke6 26. Bf4
Rb2 27. Ba6 Bb3 28. Bd3 a5 29. Bc1 Ra2 30. Bb1 Ra1 31. Bf4 Bb2 32. Bd2 a4 33.
f4 a3 34. f5+ gxf5 35. exf5+ Kd7 36. Re1 a2 37. Bxa2 Rxa2 38. Kf3 Bd5+ 39. Kg4
Bf6 40. Bg5 Bxg5 41. Kxg5 Rxh2 42. Re3 h6+ 43. Kf6 Rh3 44. Ra3 Kd6 45. Ra6+ Kc5
46. g4 Rg3 47. Ke5 Bc4 48. Rxh6 Rxg4 49. Rh1 Rg2 50. Re1 Re2+ 51. Rxe2 Bxe2 0-1

[Event "Lliga Catalana DH"]
[Site "?"]
[Date "2018.02.24"]
[Round "6.1"]
[White "Herraiz Hidalgo, Herminio"]
[Black "Vila Gazquez, Xavier"]
[Result "1/2-1/2"]
[WhiteElo "2483"]
[BlackElo "2530"]
[PlyCount "25"]
[EventDate "2018.??.??"]
[WhiteTeam "CAT"]
[BlackTeam "BAB"]

1. d4 Nf6 2. c4 g6 3. Nc3 d5 4. Nf3 Bg7 5. e3 O-O 6. cxd5 Nxd5 7. Bc4 Nxc3 8.
bxc3 c5 9. O-O Qc7 10. Qe2 Nc6 11. Rb1 b6 12. Ba3 Bf5 13. Bd3 1/2-1/2

[Event "Lliga Catalana DH"]
[Site "?"]
[Date "2018.02.24"]
[Round "6.2"]
[White "Rizouk, Aimen"]
[Black "Canal Oliveras, Joan"]
[Result "1-0"]
[WhiteElo "2494"]
[BlackElo "2317"]
[PlyCount "53"]
[EventDate "2018.??.??"]
[WhiteTeam "BAB"]
[BlackTeam "CAT"]

1. e4 e5 2. Nf3 Nf6 3. Nxe5 d6 4. Nf3 Nxe4 5. Nc3 Nxc3 6. dxc3 Nc6 7. Be3 Be7
8. Qd2 Bf5 9. O-O-O Qd7 10. Kb1 a6 11. Bc4 O-O 12. Bd5 Rab8 13. h3 b5 14. Rhe1
Bf6 15. g4 b4 16. Nd4 bxc3 17. Qxc3 Nb4 18. Bb3 c5 19. gxf5 cxd4 20. Bxd4 Rfc8
21. Qg3 Qxf5 22. Bxf6 Qxf6 23. Rxd6 Qf5 24. Qg4 Qxg4 25. hxg4 Rc6 26. Rd7 Rf6
27. Rb7 1-0

[Event "Lliga Catalana DH"]
[Site "?"]
[Date "2018.02.24"]
[Round "6.3"]
[White "Amigo Vilalta, Jordi"]
[Black "Alonso Moyano, Jonathan"]
[Result "1/2-1/2"]
[WhiteElo "2322"]
[BlackElo "2458"]
[PlyCount "109"]
[EventDate "2018.??.??"]
[WhiteTeam "CAT"]
[BlackTeam "BAB"]

1. d4 f5 2. Qd3 d5 3. g4 fxg4 4. h3 g3 5. fxg3 Nf6 6. Bg2 Nc6 7. Nc3 e6 8. Bg5
Nb4 9. Qd2 Bd6 10. O-O-O c5 11. e4 cxd4 12. Nb5 Nxa2+ 13. Kb1 Nc3+ 14. Nxc3
dxc3 15. Qxc3 h6 16. Bf4 Bxf4 17. gxf4 O-O 18. Qe5 Qe8 19. Ne2 Bd7 20. Rhg1 Qf7
21. exd5 exd5 22. Bxd5 Nxd5 23. Qxd5 Qxd5 24. Rxd5 Bxh3 25. Rh5 Rae8 26. Rxh3
Rxe2 27. Rxh6 Rxf4 28. Rhg6 Re7 29. b3 Kh7 30. R6g3 Rf6 31. Kb2 Rh6 32. Ra1 a6
33. Rag1 g6 34. Rg5 Rf7 35. Kc3 Rh5 36. R5g2 g5 37. Kd4 Kh6 38. Ke5 Kg6 39. Ke6
Rc7 40. c4 Rc5 41. Rg4 a5 42. R1g3 Rh2 43. Rd4 Re2+ 44. Kd6 Rc6+ 45. Kd7 Kh6
46. Rh3+ Kg6 47. Rd5 a4 48. Rg3 axb3 49. Rdxg5+ Kf6 50. Rg6+ Ke5 51. Rxc6 bxc6
52. Kxc6 b2 53. Rb3 Kd4 54. c5 Rc2 55. Kb6 1/2-1/2

[Event "Lliga Catalana DH"]
[Site "?"]
[Date "2018.02.24"]
[Round "6.4"]
[White "Perez Mañas, Benjamin"]
[Black "Dalo, Hermes"]
[Result "0-1"]
[WhiteElo "2410"]
[BlackElo "2304"]
[PlyCount "58"]
[EventDate "2018.??.??"]
[WhiteTeam "BAB"]
[BlackTeam "CAT"]

1. e4 e5 2. Nf3 Nc6 3. Bb5 a6 4. Ba4 Nf6 5. d3 d6 6. a3 g6 7. O-O Bg7 8. c3 O-O
9. Re1 b5 10. Bb3 Na5 11. Ba2 Be6 12. b4 Nc6 13. a4 d5 14. Ng5 Qd6 15. Na3 Rab8
16. Nxe6 fxe6 17. axb5 axb5 18. Bd2 Kh8 19. Qe2 dxe4 20. dxe4 Nxe4 21. Qxe4
Qxd2 22. Qe3 Qxe3 23. Rxe3 e4 24. Bxe6 Nxb4 25. Rb1 Nd3 26. Rxb5 Ra8 27. Nb1
Rfb8 28. Rxb8+ Rxb8 29. Na3 Bf8 0-1

[Event "Lliga Catalana DH"]
[Site "?"]
[Date "2018.02.24"]
[Round "6.5"]
[White "Ballesteros Collazos, Sergi"]
[Black "Obon Temprano, Sergi"]
[Result "1/2-1/2"]
[WhiteElo "2319"]
[BlackElo "2384"]
[PlyCount "57"]
[EventDate "2018.??.??"]
[WhiteTeam "CAT"]
[BlackTeam "BAB"]

1. c4 c6 2. Nc3 d5 3. cxd5 cxd5 4. d4 Nf6 5. Bf4 Nc6 6. e3 e6 7. Rc1 Bd6 8.
Bxd6 Qxd6 9. f4 O-O 10. Nf3 Ng4 11. Qd2 f5 12. Be2 Bd7 13. O-O Ne7 14. Ne5 Nf6
15. Rc2 a6 16. a3 Rac8 17. Rfc1 Rc7 18. Bd3 Rfc8 19. Qe2 Be8 20. h3 Ne4 21.
Bxe4 fxe4 22. g4 Nc6 23. Qf2 Nxe5 24. fxe5 Qf8 25. Qxf8+ Kxf8 26. Rf2+ Rf7 27.
Rcf1 Rxf2 28. Rxf2+ Ke7 29. h4 1/2-1/2

[Event "Lliga Catalana DH"]
[Site "?"]
[Date "2018.02.24"]
[Round "6.6"]
[White "Rivas Garcia, Victor"]
[Black "Martin Grillo, Ruben"]
[Result "1/2-1/2"]
[WhiteElo "2343"]
[BlackElo "2306"]
[PlyCount "112"]
[EventDate "2018.??.??"]
[WhiteTeam "BAB"]
[BlackTeam "CAT"]

1. e4 c5 2. c3 Nf6 3. e5 Nd5 4. Nf3 e6 5. Bc4 d6 6. d4 Nb6 7. Bb3 cxd4 8. cxd4
dxe5 9. Nxe5 Nc6 10. Nxc6 bxc6 11. O-O Be7 12. Nc3 O-O 13. Be3 Ba6 14. Re1 Bc4
15. Rc1 Bxb3 16. Qxb3 Rb8 17. Ne4 Nd5 18. Qc2 Qb6 19. Re2 Qa6 20. Qc4 Rb6 21.
a3 Rfb8 22. Qxa6 Rxa6 23. Rec2 h6 24. g3 Rab6 25. Rxc6 Rxb2 26. Rc8+ Rxc8 27.
Rxc8+ Kh7 28. Ra8 Bxa3 29. Rxa7 Be7 30. h4 Kg6 31. Nc5 Kf5 32. Nd3 Rc2 33. Nf4
Nxf4 34. Bxf4 Bf6 35. Rxf7 Ke4 36. Be5 Bxe5 37. dxe5 g5 38. h5 Kxe5 39. Rh7 Kf5
40. Rxh6 e5 41. Rh8 e4 42. Rf8+ Kg4 43. h6 Rc7 44. Kg2 Kh5 45. Rh8 Kg6 46. Re8
Kxh6 47. Rxe4 Kg6 48. Kf3 Kf5 49. g4+ Kf6 50. Re3 Rc4 51. Ra3 Rb4 52. Ra6+ Ke5
53. Ra5+ Kf6 54. Rf5+ Kg6 55. Kg3 Rb3+ 56. f3 Ra3 1/2-1/2

[Event "Lliga Catalana DH"]
[Site "?"]
[Date "2018.02.24"]
[Round "6.7"]
[White "Vera Pons, Felipe"]
[Black "Martinez Ramirez, Erik"]
[Result "1/2-1/2"]
[WhiteElo "2335"]
[BlackElo "2298"]
[PlyCount "27"]
[EventDate "2018.??.??"]
[WhiteTeam "CAT"]
[BlackTeam "BAB"]

1. e4 c5 2. Nc3 Nc6 3. Bb5 g6 4. Bxc6 dxc6 5. f4 e5 6. fxe5 Bg7 7. Nf3 Bg4 8.
O-O Bxe5 9. d3 Qc7 10. h3 Bd4+ 11. Kh1 h5 12. Ne2 Bxf3 13. Rxf3 Be5 14. Qf1
1/2-1/2

[Event "Lliga Catalana DH"]
[Site "?"]
[Date "2018.02.24"]
[Round "6.8"]
[White "Ramirez Carrizo, Victor"]
[Black "Saez Coma, Alejandro"]
[Result "1-0"]
[WhiteElo "2263"]
[BlackElo "2218"]
[PlyCount "119"]
[EventDate "2018.??.??"]
[WhiteTeam "BAB"]
[BlackTeam "CAT"]

1. e4 c5 2. Nf3 g6 3. d4 cxd4 4. Nxd4 Bg7 5. Nc3 Nc6 6. Be3 Nf6 7. Bc4 Qa5 8.
O-O O-O 9. Bb3 d6 10. h3 Bd7 11. Re1 Rfe8 12. Nf3 Qh5 13. Ng5 Rf8 14. f4 Qxd1
15. Raxd1 Rad8 16. e5 dxe5 17. fxe5 Nxe5 18. Bc5 Nc6 19. Bxe7 Nxe7 20. Rxe7 Bc6
21. Bxf7+ Kh8 22. Rxd8 Rxd8 23. Bb3 Rd7 24. Nf7+ Kg8 25. Ne5+ Kf8 26. Re6 Re7
27. Nxc6 Rxe6 28. Bxe6 bxc6 29. Kf2 Ke7 30. Bc4 Kd6 31. Kf3 Bh6 32. g4 Bc1 33.
b3 Bd2 34. Ne2 Ke5 35. h4 Ne4 36. g5 Be1 37. Kg4 Nf2+ 38. Kf3 Ne4 39. Bd3 Nc5
40. Kg4 Ne6 41. Bc4 Nf8 42. Nf4 Bd2 43. Nd3+ Kd6 44. h5 h6 45. gxh6 gxh5+ 46.
Kxh5 Ke7 47. Ne5 Kd6 48. Ng6 Nxg6 49. Kxg6 Ke7 50. h7 Bc3 51. a4 a5 52. Kf5 c5
53. Ke4 Kd6 54. Kd3 Bd4 55. Bg8 Bg7 56. Kc4 Kc6 57. Bd5+ Kd6 58. Be4 Bd4 59.
Kb5 Bc3 60. Kb6 1-0

[Event "Lliga Catalana DH"]
[Site "?"]
[Date "2018.02.24"]
[Round "6.9"]
[White "Vigo Allepuz, David"]
[Black "Almeria Vivo, Marc"]
[Result "1/2-1/2"]
[WhiteElo "2223"]
[BlackElo "2299"]
[PlyCount "134"]
[EventDate "2018.??.??"]
[WhiteTeam "CAT"]
[BlackTeam "BAB"]

1. d4 Nf6 2. Nf3 d6 3. Bg5 Nbd7 4. Nbd2 c6 5. e4 e5 6. c3 Be7 7. Bc4 O-O 8. O-O
b5 9. Bb3 Ng4 10. Bxe7 Qxe7 11. h3 Ngf6 12. Re1 Nb6 13. a4 a6 14. axb5 cxb5 15.
c4 Bb7 16. cxb5 axb5 17. Qe2 Rxa1 18. Rxa1 Nc4 19. Bxc4 bxc4 20. dxe5 dxe5 21.
Qxc4 Rc8 22. Qb5 Rc5 23. Qb3 h6 24. Ra7 Rc7 25. Qb6 Rd7 26. Ra5 Rd6 27. Qa7 Qc7
28. Rc5 Rc6 29. Rxc6 Qxc6 30. Qb8+ Kh7 31. Qxe5 Nxe4 32. Nxe4 Qxe4 33. Qxe4+
Bxe4 34. Nd2 Bd5 35. f3 f5 36. g3 g5 37. Kf2 Kg6 38. Ke3 h5 39. h4 f4+ 40. Kf2
Kf5 41. Ne4 g4 42. gxf4 Kxf4 43. Ng3 Bf7 44. Ne2+ Kf5 45. Kg3 gxf3 46. Kxf3
Bd5+ 47. Kg3 Bc4 48. Nf4 Bf7 49. b4 Be8 50. Nd5 Ke5 51. Ne3 Bb5 52. Nc2 Bc6 53.
Na3 Bd5 54. Nb5 Bc6 55. Nc3 Bb7 56. b5 Bc8 57. b6 Kd6 58. Na4 Kc6 59. Kf4 Kb7
60. Nc3 Kxb6 61. Nd5+ Kc5 62. Nf6 Kd6 63. Nxh5 Ke7 64. Kg5 Kf8 65. Nf6 Ba6 66.
h5 Bd3 67. h6 Bc2 1/2-1/2

[Event "Lliga Catalana DH"]
[Site "?"]
[Date "2018.02.24"]
[Round "6.10"]
[White "Bosque Ortega, Xavier"]
[Black "Morcillo Ferran, Jordi"]
[Result "1-0"]
[WhiteElo "2297"]
[BlackElo "2214"]
[PlyCount "77"]
[EventDate "2018.??.??"]
[WhiteTeam "BAB"]
[BlackTeam "CAT"]

1. d4 d5 2. Bf4 Nf6 3. e3 g6 4. h3 Bg7 5. Nf3 O-O 6. Be2 c5 7. c3 Qb6 8. Qb3
Bf5 9. O-O Qxb3 10. axb3 Nbd7 11. Nbd2 h6 12. Ne5 Nxe5 13. Bxe5 Rac8 14. Bf3
Ne4 15. Bxe4 Bxe4 16. Nxe4 dxe4 17. Bxg7 Kxg7 18. Rfd1 c4 19. b4 a6 20. Ra5 Rc6
21. Re5 Re6 22. Rd5 Rd6 23. Rc5 b5 24. Ra1 Rb8 25. Re5 e6 26. Rxe4 Ra8 27. Re5
Rd5 28. f4 Kf6 29. e4 Rxe5 30. fxe5+ Ke7 31. Kf2 f6 32. exf6+ Kxf6 33. e5+ Kg5
34. g3 h5 35. Ke3 Kf5 36. Rf1+ Kg5 37. Rf6 a5 38. h4+ Kh6 39. bxa5 1-0

[Event "Lliga Catalana DH"]
[Site "?"]
[Date "2018.02.24"]
[Round "6.1"]
[White "Asis Gargatagli, Hipolito"]
[Black "Alonso Rosell, Alvar"]
[Result "1/2-1/2"]
[WhiteElo "2561"]
[BlackElo "2532"]
[PlyCount "38"]
[EventDate "2018.??.??"]
[WhiteTeam "SCU"]
[BlackTeam "GER"]

1. e4 e6 2. d4 d5 3. Nc3 Bb4 4. exd5 exd5 5. Bd3 Nc6 6. a3 Bxc3+ 7. bxc3 Nge7
8. Ne2 Bf5 9. Ng3 Bxd3 10. cxd3 Qd7 11. O-O O-O 12. Nh5 Kh8 13. Ra2 Rae8 14.
Re2 Ng6 15. Rfe1 Rxe2 16. Qxe2 Qe7 17. Qd1 Qd7 18. Qe2 Qe7 19. Qd1 Qd7 1/2-1/2

[Event "Lliga Catalana DH"]
[Site "?"]
[Date "2018.02.24"]
[Round "6.2"]
[White "Prie, Eric "]
[Black "Alonso Bouza, Julio Javier "]
[Result "0-1"]
[WhiteElo "2467"]
[BlackElo "2373"]
[PlyCount "40"]
[EventDate "2018.??.??"]
[WhiteTeam "GER"]
[BlackTeam "SCU"]

1. d4 Nf6 2. Bf4 g6 3. Nc3 Bg7 4. e4 d6 5. Nf3 c6 6. h3 Qa5 7. Bd3 Nbd7 8. Qd2
e5 9. Bh6 Bxh6 10. Qxh6 Qb4 11. O-O-O exd4 12. Ne2 c5 13. c3 Qa5 14. cxd4 c4
15. Bb1 b6 16. Nc3 Bb7 17. Ng5 Rf8 18. Nxh7 Nxh7 19. Qxh7 Qg5+ 20. Rd2 Nf6 0-1

[Event "Lliga Catalana DH"]
[Site "?"]
[Date "2018.02.24"]
[Round "6.3"]
[White "Lillo Castany, Victor"]
[Black "Valle Maytin, Luis Enrique"]
[Result "1/2-1/2"]
[WhiteElo "2401"]
[BlackElo "2363"]
[PlyCount "73"]
[EventDate "2018.??.??"]
[WhiteTeam "SCU"]
[BlackTeam "GER"]

1. e4 c6 2. d4 d5 3. Nd2 dxe4 4. Nxe4 Nd7 5. Ng5 Ngf6 6. Bd3 e6 7. N1f3 Bd6 8.
Qe2 O-O 9. Nxe6 Bb4+ 10. c3 Bxc3+ 11. bxc3 fxe6 12. Qxe6+ Kh8 13. O-O Nc5 14.
Qc4 Nxd3 15. Qxd3 Qd5 16. c4 Bf5 17. Qb3 Qd7 18. Bb2 Rad8 19. Rfe1 Rfe8 20. Ne5
Qc7 21. Qf3 Be6 22. Re2 Qa5 23. h3 Qa6 24. Rc1 b5 25. Nxc6 Bxc4 26. Rxc4 bxc4
27. Nxd8 Rxd8 28. d5 Rf8 29. Ba3 Rc8 30. Be7 c3 31. Rc2 Qb7 32. Bxf6 Qb1+ 33.
Kh2 Qxc2 34. Bxg7+ Kxg7 35. Qg4+ Kf8 36. Qf4+ Kg8 37. Qg4+ 1/2-1/2